Els fets de maig (Registro nro. 105410)

Detalles MARC
000 -LEADER
campo de control de longitud fija 00697nam a22002291 4500
001 - NÚMERO DE CONTROL
campo de control 105410
003 - IDENTIFICADOR DE NÚMERO DE CONTROL
campo de control ES-MaACL
005 - FECHA Y HORA DE LA ÚLTIMA TRANSACCIÓN
campo de control 20230906183857.0
007 - CAMPO FIJO DE DESCRIPCIÓN FÍSICA--INFORMACIÓN GENERAL
campo de control de longitud fija t|
008 - DATOS DE LONGITUD FIJA--INFORMACIÓN GENERAL
campo de control de longitud fija 060707s1970 sp r ||||0| cat d
080 ## - NÚMERO DE LA CLASIFICACIÓN DECIMAL UNIVERSAL
Número de la Clasificación Decimal Universal 946"1936/39"
080 ## - NÚMERO DE LA CLASIFICACIÓN DECIMAL UNIVERSAL
Número de la Clasificación Decimal Universal 335.8(467.11 B)"1937"
100 1# - ENTRADA PRINCIPAL--NOMBRE DE PERSONA
Nombre de persona Cruells, Manuel.
9 (RLIN) 41767
245 14 - MENCIÓN DEL TÍTULO
Título Els fets de maig
Resto del título : Barcelona, 1937 /
Mención de responsabilidad, etc. Manuel Cruells.
250 ## - MENCION DE EDICION
Mención de edición 1ª ed.
260 ## - PUBLICACIÓN, DISTRIBUCIÓN, ETC.
Lugar de publicación, distribución, etc. Barcelona :
Nombre del editor, distribuidor, etc. Joventut,
Fecha de publicación, distribución, etc. 1970.
300 ## - DESCRIPCIÓN FÍSICA
Extensión 144 p., [8] p. de lám. ;
Dimensiones 22 cm.
650 ## - PUNTO DE ACCESO ADICIONAL DE MATERIA--TÉRMINO DE MATERIA
Término de materia o nombre geográfico como elemento de entrada Anarquismo-
Subdivisión geográfica Barcelona.
9 (RLIN) 9787
651 #4 - PUNTO DE ACCESO ADICIONAL DE MATERIA--NOMBRE GEOGRÁFICO
Nombre geográfico Barcelona-
Subdivisión general Historia-
Subdivisión cronológica 1936-1939.
9 (RLIN) 168148
852 ## - LOCALIZACIÓN
Ubicación ES-MaACL
Número de control de estantería AND-205
Nota libre - Biblioteca Juan Andrade
852 ## - LOCALIZACIÓN
Ubicación ES-MaACL
Número de control de estantería C-45067
Existencias
Estatus retirado Estado de pérdida Estado de daño No para préstamo Biblioteca de origen Biblioteca actual Ubicación en estantería Fecha de adquisición Fuente de adquisición Total de préstamos Signatura topográfica completa Código de barras Visto por última vez Precio de reemplazo Tipo de ítem Koha
        Biblioteca del Ateneo de Madrid Biblioteca del Ateneo de Madrid Depósito 2 17/01/2008     C-45067 1110047 23/02/2023 23/02/2023 Libro impreso
        Biblioteca del Ateneo de Madrid Biblioteca del Ateneo de Madrid Depósito 2 17/01/2008     AND-205 1110046 23/02/2023 23/02/2023 Libro impreso